000 00771nam a2200229 a 4500
005 20180822143234.0
008 140318b1995 it ||||| |||| 00| 0 spa d
040 _aCO-BoIAVH
_cCO-BoIAVH
041 _aspa
044 _ait
082 _a333.953416
_bO68c
110 1 _bOrganización de la Naciones Unidas para la Agricultura y la Alimentación
_920487
245 _aConservación de los recursos genéticos en la ordenación de los bosques tropicales
_bprincipios y conceptos
260 _aRoma
_bFAO
_c1995
300 _a101 paginas
650 1 4 _aBosques tropicales
_972771
650 1 4 _aConservación ecosistemas
_972737
650 1 4 _aExplotación forestal
_972772
650 1 4 _972735
_aRecursos genéticos forestales
942 _cLIBRO
_2ddc
945 _d2006-01-03
999 _c5039
_d5039